[Event "Kalyan op 2nd"]
[Site "Kalyan"]
[Date "2019.02.01"]
[Round "7"]
[White "Kadam Rishi, R."]
[Black "Choudki, Khushi"]
[Result "0-1"]
[WhiteElo "1603"]
[BlackElo "1383"]
[PlyCount "76"]
[EventDate "2019.01.29"]
[EventType "swiss"]
[EventRounds "10"]
[EventCountry "IND"]
[SourceTitle "CBM 188 Extra"]
[Source "ChessBase"]
[SourceDate "2019.02.26"]
[SourceVersion "1"]
[SourceVersionDate "2019.02.26"]
[SourceQuality "1"]

1. e4 Nc6 2. Nf3 f5 3. exf5 d5 4. d4 Bxf5 5. Bd3 e6 6. 0-0 Be7 7. Bxf5 exf5 8. Qd3 Nf6 9. Bg5 0-0 10. Bxf6 Bxf6 11. c3 Qd7 12. Nbd2 g5 13. Rfe1 Rae8 14. Nf1 g4 15. N3d2 f4 16. f3 Kh8 17. fxg4 Qxg4 18. h3 Qg6 19. Qxg6 hxg6 20. Nf3 Ne7 21. N1h2 Nf5 22. Ng4 Kg7 23. Nxf6 Kxf6 24. Ne5 Kg5 25. Kf2 Ne3 26. Rac1 Kh6 27. g4 g5 28. Rh1 Kg7 29. h4 Rxe5 30. dxe5 Nxg4+ 31. Kg1 Nxe5 32. hxg5 Nf3+ 33. Kf2 Nxg5 34. Rcg1 Kf6 35. Rh4 Ne6 36. Re1 Kg5 37. Rh7 Rf6 38. Rg7+ Nxg7 0-1

[Event "Thane ARMS op 1st"]
[Site "Thane"]
[Date "2018.04.21"]
[Round "6"]
[White "Kadam Rishi, R."]
[Black "Bhandarkar, Dinesh"]
[Result "1-0"]
[WhiteElo "1332"]
[BlackElo "1697"]
[PlyCount "147"]
[EventDate "2018.04.21"]
[EventType "swiss (rapid)"]
[EventRounds "9"]
[EventCountry "IND"]
[SourceTitle "CBM 184 Extra"]
[Source "ChessBase"]
[SourceDate "2018.06.28"]
[SourceVersion "1"]
[SourceVersionDate "2018.06.28"]
[SourceQuality "1"]

1. e4 e5 2. Nf3 Nc6 3. Bc4 Bc5 4. 0-0 Nf6 5. d3 d6 6. c3 h6 7. Nbd2 0-0 8. h3 Be6 9. Re1 Bxc4 10. Nxc4 Re8 11. Be3 Bxe3 12. Nxe3 Ne7 13. Nh4 g6 14. Qd2 Kg7 15. Nf3 Qd7 16. Nh2 h5 17. Nf3 c6 18. Qc2 Qc7 19. Nf1 Neg8 20. Ng3 d5 21. Rad1 Rad8 22. Qc1 Nh7 23. Nh4 Ngf6 24. Nf3 Re6 25. d4 Nxe4 26. Nxe4 dxe4 27. Rxe4 exd4 28. Rxe6 fxe6 29. Nxd4 Re8 30. Nf3 e5 31. Qe3 b6 32. c4 Re7 33. c5 e4 34. Nd2 Nf6 35. Nc4 Nd5 36. Qd4+ Kh7 37. cxb6 axb6 38. Re1 b5 39. Ne3 Qe5 40. Qxe5 Rxe5 41. Nxd5 cxd5 42. Rd1 Kg7 43. Rd4 Kf6 44. Rb4 Re6 45. Kf1 Rc6 46. Rxb5 Ke5 47. Ke2 Rc2+ 48. Ke3 g5 49. a4 Rc1 50. a5 Ra1 51. b4 Ra3+ 52. Ke2 Kd4 53. Rc5 Ra2+ 54. Ke1 Ke5 55. g3 Ra4 56. Rb5 Ra2 57. Rc5 Ra4 58. Rb5 Kd4 59. Kd2 Ra2+ 60. Ke1 e3 61. fxe3+ Kxe3 62. Kd1 d4 63. Rxg5 Kd3 64. Ke1 Ra1+ 65. Kf2 Kd2 66. Rxh5 d3 67. Rd5 Kc3 68. h4 Ra2+ 69. Ke3 Re2+ 70. Kf3 Rb2 71. b5 Rh2 72. b6 d2 73. a6 Rh1 74. b7 1-0

[Event "Thane ARMS op 1st"]
[Site "Thane"]
[Date "2018.04.21"]
[Round "3"]
[White "Nayak, Biswajit"]
[Black "Kadam Rishi, R."]
[Result "0-1"]
[WhiteElo "1988"]
[BlackElo "1332"]
[PlyCount "64"]
[EventDate "2018.04.21"]
[EventType "swiss (rapid)"]
[EventRounds "9"]
[EventCountry "IND"]
[SourceTitle "CBM 184 Extra"]
[Source "ChessBase"]
[SourceDate "2018.06.28"]
[SourceVersion "1"]
[SourceVersionDate "2018.06.28"]
[SourceQuality "1"]

1. d4 Nf6 2. Nc3 d5 3. Bg5 e6 4. e4 Be7 5. e5 Nfd7 6. h4 0-0 7. Nf3 c5 8. Nb5 cxd4 9. Bd3 f6 10. exf6 Nxf6 11. Nbxd4 Ne4 12. Qe2 Nc5 13. 0-0-0 Nc6 14. Kb1 Nxd3 15. cxd3 Nxd4 16. Nxd4 Bf6 17. Nxe6 Bxe6 18. Qxe6+ Kh8 19. Bc1 Re8 20. Qg4 Qa5 21. h5 Rac8 22. h6 g6 23. Bg5 Bxb2 24. Kxb2 Qc3+ 25. Kb1 Rc6 26. a3 Rb6+ 27. Qb4 Rxb4+ 28. axb4 Qxb4+ 29. Ka1 Re6 30. Rd2 Ra6+ 31. Ra2 Qc3+ 32. Kb1 Rb6+ 0-1